000 00239nam a2200097Ia 4500
008 190216s9999||||xx |||||||||||||| ||und||
100 _aHari Hara Krishnan
245 0 _aPolitechnic Ganitham
260 _bKerala Bhasha Institute
942 _cBK
999 _c37583
_d37583